U.S. States Which Contain the Letter "H" - Statistics

General Stats
  • This quiz has been taken 52 times
  • The average score is 11 of 14
Answer Stats
Answer % Correct
New Hampshire
91%
North Carolina
88%
South Carolina
88%
Michigan
86%
North Dakota
86%
Hawaii
84%
South Dakota
84%
Idaho
79%
Washington
77%
Ohio
74%
Massachusetts
65%
Oklahoma
65%
Utah
65%
Rhode Island
60%
No matching quizzes found
Score Distribution
Percent of People with Each Score
Percentile by Number Answered
Your Score History
You have not taken this quiz